Na čele s Komunistickou stranou Československa za nové víťazstvá socializmu - za komunizmus! slávnostné zasadanie ÚV KSČ 13.5.1961

Bibliographic Details
Format: Book
Language:Slovak
PhysicalDescription:231, [2] s.. [2] fot. príl. 8°
Published: Bratislava SVPL 1961
Subjects:

MARC

LEADER 00000cam a2200000 a 4500
001 vtls008314491
003 SK-MaSNL
005 20260302020323.0
008 230403s1961 xo 000 0 slo
015 |a SNBA1961/08-01491 
035 |a SK01SNK19610006708 
035 |a urn:nbn:sk:snk-amlk17 
035 |a urn:nbn:sk:snk-am00bpjg 
035 |a 8AE21111-446E-4F51-96B3-5F377554F151 
035 |a SKM000009171 
040 |a SNK  |b slo  |c SNK  |e AACR2 
041 0 |a slo 
044 |a xo  |c SK 
080 |a 329.15(437)  |2 1981 
245 0 0 |a Na čele s Komunistickou stranou Československa za nové víťazstvá socializmu - za komunizmus!  |b slávnostné zasadanie ÚV KSČ 13.5.1961 
260 |a Bratislava  |b SVPL  |c 1961  |e Bratislava  |f Pravda 
300 |a 231, [2] s.. [2] fot. príl.  |c 8° 
366 |e 8000 výtl. 
500 |a Frontispice 
610 2 7 |a Komunistická strana Československa.  |b Ústredný výbor  |2 SNKKA  |9 179975 
648 7 |a 1961  |2 SNKPH  |9 284140 
655 7 |a zborníky  |2 SNKPH  |9 70165 
852 |a Slovenská národná knižnica 
954 |a odborná, vedecká literatúra pôvodná (slovenská)  |2 lita 
958 |a OND 
958 |a TL 
958 |a RK 
958 |a EUIPO 
999 |c 1024657  |d 1026587 
952 |a SNK  |b SNK  |y PREZ  |7 0  |p 17A0708074  |o snkSD 20493  |i snkKSP 4470/61  |0 0  |1 0  |4 0  |d 2011-08-03  |f 1  |l 0  |r 2025-12-03 00:00:00  |w 2026-02-24